Специфика образа в символизме (А. Блок, "Стихи о Прекрасной Даме"); Актуальные проблемы лингвистики, литературоведения и журналистики; Ч. 1: Лингвистика и литературоведение

Dettagli Bibliografici
Parent link:Актуальные проблемы лингвистики, литературоведения и журналистики: Материалы научно-методической конференции молодых ученых, 11-12 апреля 2003 г., Томск/ Томский государственный университет.— , 2003-
Ч. 1: Лингвистика и литературоведение.— 2003.— С. 121-123
Autore principale: Маслова А. В.
Altri autori: Антошина Е. В. (научный руководитель)
Lingua:russo
Pubblicazione: 2003
Natura: MixedMaterials Capitolo di libro
KOHA link:https://koha.lib.tpu.ru/cgi-bin/koha/opac-detail.pl?biblionumber=318245

MARC

LEADER 00000naa2a2200000 4500
001 318245
005 20231101020117.0
035 |a (RuTPU)RU\TPU\book\343743 
035 |a RU\TPU\book\343741 
090 |a 318245 
100 |a 20160422d2003 k y0rusy50 ca 
101 0 |a rus 
102 |a RU 
200 1 |a Специфика образа в символизме (А. Блок, "Стихи о Прекрасной Даме")  |f А. В. Маслова  |g науч. рук. Е. В. Антошина 
461 1 |0 (RuTPU)RU\TPU\book\74229  |t Актуальные проблемы лингвистики, литературоведения и журналистики  |o Материалы научно-методической конференции молодых ученых, 11-12 апреля 2003 г., Томск  |f Томский государственный университет  |d 2003- 
463 0 |0 (RuTPU)RU\TPU\book\73662  |t Ч. 1: Лингвистика и литературоведение  |v С. 121-123  |d 2003  |p 298 с. 
700 1 |a Маслова  |b А. В. 
702 1 |a Антошина  |b Е. В.  |4 727 
801 1 |a RU  |b 63413507  |c 20081015  |g PSBO 
801 2 |a RU  |b 63413507  |c 20160422  |g RCR 
942 |c BK